|
|
แสดงรายละเอียดบรรณานุกรม |
|
|
Brief Record
: Get Marc (ISO 2709)
: E-mail record
: |
|
|
| LEADER 00000nama 2200000uu 4500 | |||
| 001 200014 | |||
| 003 ULIBM | |||
| 008 040531s|||| th m m a000 0 tha d | |||
| 020 9749498992 | |||
| 041 tha | |||
| 050 WT166 ส253ก 2549 | |||
| 100 สมนึก กุลสถิตพร. | |||
| 245 กายภาพบำบัดในผู้สูงอายุ/สมนึก กุลสถิตพร. | |||
| 250 พิมพ์ครั้งที่ 2. | |||
| 260 กรุงเทพฯ. ออฟเซ็ท เพรส. 2549. | |||
| 300 277 หน้า. | |||
| 650 1.กายภาพบำบัด 2.ผู้สูงอายุ. | |||
| 995 001 | |||
| คุณยังไม่ได้ล็อกอิน คุณสามารถมีกิจกรรมร่วมกับเว็บไซต์ได้ แต่ต้องล็อกอินก่อน :: |
|
| สถานะ | |||||||||
| 1. | หนังสือทั่วไป สถานะ=หนังสือเก่า - บริการ ณ ห้องสมุด (ห้องเหลือง) | WT166 ส253ก 2549 | On Shelf ขอยืม | ||||||
| 2. | หนังสือทั่วไป | WT166 ส253ก 2549 | On Shelf ขอยืม | ||||||
| 3. | หนังสือทั่วไป สถานะ=หนังสือเก่า - บริการ ณ ห้องสมุด (ห้องเหลือง) | WT166 ส253ก 2549 | On Shelf ขอยืม | ||||||
| 4. | หนังสือทั่วไป สถานะ=หนังสือเก่า - บริการ ณ ห้องสมุด (ห้องเหลือง) | WT166 ส253ก 2549 | On Shelf ขอยืม | ||||||
| 5. | หนังสือทั่วไป | WT166 ส253ก 2549 | On Shelf ขอยืม | ||||||
| [แสดง 5/5 รายการ] | |||||||||
BibComment |
| คอมเมนท์ทรัพยากรรายการนี้ |
|
|